| 000 | 01880agaaa2200349 4500 | ||
|---|---|---|---|
| 001 | 4103 | ||
| 003 | IT-RoPAU | ||
| 005 | 20220918181239.0 | ||
| 007 | d cvaizq | ||
| 008 | 50131s9999||||xx ||| | || ||und|| | ||
| 040 |
_aIT-RoPAU _cIT-RoPAU |
||
| 041 | _aITALIANO | ||
| 100 |
_aPolanski Roman _gCodice regista SPICS: 1627 _944745 |
||
| 130 |
_aFRANTIC _944746 |
||
| 240 |
_aFRANTIC _gT2245 |
||
| 245 |
_aFRANTIC _cProdotto da: Hampton Tim -- Sceneggiatura: Polanski Roman Brach Gerard -- Diretto da: Polanski Roman _pFRANTIC (Rif. Codice opera principale : 74103) |
||
| 246 | _aFRANTIC | ||
| 250 | _aEdizione Standard | ||
| 260 |
_a(USA) _bMOUNT COMPANY / _g"1988 (1° ed.: 1988 ; Ed. Lingua Orig.: 1988)" |
||
| 300 |
_aVHS _bsonoro, col. _c120 minuti |
||
| 508 | _a"Fotografia: Sobocinski Witold; Montaggio: O'Steen Sam; Musica: Morricone Ennio; Sceneggiatura: Polanski Roman Brach Gerard; Scenografia: Guffroy Pierre; Coreografia: Pierre-Guffroy; Soggetto: Polanski Roman -- Brach Gerard" | ||
| 511 | _a"Ford Harrison; Buckley Betty; Seigner Emmanuelle; Voyagis Yorgo; Huddleston David" | ||
| 520 | _aALTRI-INTERPRETI: JOHN-MAHONEY GERARD-KLEIN YVES-RENIER PATRICE-MELLENEC YORGO-VOYAGISSCOMPARE LA MOGLIE DI UN MEDICO AMERICANO A PARIGI IL MARITO LA CERCA AFFANNOSAMENTE E INFINE SCOPRE CHE E' STATA RAPITA DA UNA BANDA DI TERRORISTI IN SEGUITO A UN EQUIVOCO THRILLING A COLORI QUALITA' NON ECCELLENTE | ||
| 538 | _aPAL, STEREO | ||
| 546 | _aITALIANO | ||
| 650 |
_aDRAMMATICO _eFILMS [VHS] _xCodice MATERIA SPICS: 9960 _934083 |
||
| 700 |
_aBrach Gerard _e(soggetto) _gCodice Soggetto 2° SPICS: 30938 _944747 |
||
| 700 |
_aMorricone Ennio _e(musica) _gCodice Musica SPICS: 3535 _944748 |
||
| 700 |
_aPolanski Roman _e(regista) _gCodice regista SPICS: 1627 _944749 |
||
| 700 |
_aPolanski Roman _e(soggetto) _gCodice Soggetto SPICS: 1627 _944750 |
||
| 942 |
_cVH _2ddc |
||
| 999 |
_c106038 _d106038 |
||